Normal view
MARC view
Entry Personal Name
001 - CONTROL NUMBER
- control field: 1328107
003 - CONTROL NUMBER IDENTIFIER
- control field:
005 - DATE AND TIME OF LATEST TRANSACTION
- control field: 20210630101046.0
008 - FIXED-LENGTH DATA ELEMENTS
- fixed length control field: 210630|| aca||aabn | a|a d
040 ## - CATALOGING SOURCE
- Original cataloging agency:
- Transcribing agency:
100 ## - HEADING--PERSONAL NAME
- Personal name: Ali, Tansel
670 ## - SOURCE DATA FOUND
- Source citation: Work cat.: ()1401911: Ali, Tansel, The yellow elephant :, 2014
